000 00539nam a22001932 4500
001 0000001310
005 20170406113333.0
008 131220s xx 000 0 eng d
020 _c$
040 _aYour Holding Symbol
_cYour Holding Symbol
100 1 _aReynolds,E.E.
245 1 4 _aThe field is won :
_bthe life and death of saint thomas more.
250 _a ed.
260 _alondon :
_bBurns and oates,
_c1968.
300 _a393 p. ;
_c cm.
504 _aindex.
650 0 _agreat britain.
908 _a131220
999 _c1227
_d1227